clubs hors du big 5 ayant atteint les phases finales de la ldc (2009- - Statistiques

Statistiques générales
  • Ce quiz a été pris 931 fois
    604 depuis la dernière actualisation
  • Le résultat moyen est 28 sur 40
Statistiques - réponses
saisons stade de la compétition atteint club % Correct
2011-2012 quarts de finale Benfica
95%
2015-2016 quarts de finale Benfica
95%
2016-2017 huitièmes de finale Benfica
95%
2021-2022 quarts de finale Benfica
95%
2022-2023 quarts de finale Benfica
95%
2009-2010 huitièmes de finale Porto
95%
2012-2013 huitièmes de finale Porto
95%
2014-2015 quarts de finale Porto
95%
2016-2017 huitièmes de finale Porto
95%
2017-2018 huitièmes de finale Porto
95%
2018-2019 quarts de finale Porto
95%
2020-2021 quarts de finale Porto
95%
2022-2023 huitièmes de finale Porto
94%
2018-2019 demis-finales Ajax
93%
2015-2016 huitièmes de finale PSV Eindhoven
83%
2021-2022 huitièmes de finale Sporting Portugal
78%
2012-2013 huitièmes de finale Celtic Glasgow
66%
2022-2023 huitièmes de finale Club Bruges
65%
2009-2010 quarts de finale CSKA Moscou
65%
2011-2012 huitièmes de finale CSKA Moscou
65%
2012-2013 quarts de finale Galatasaray
63%
2013-2014 huitièmes de finale Galatasaray
63%
2010-2011 quarts de finale Chakhtar donestk
62%
2012-2013 huitièmes de finale Chakhtar donestk
62%
2014-2015 huitièmes de finale Chakhtar donestk
62%
2017-2018 huitièmes de finale Chakhtar donestk
62%
2015-2016 huitièmes de finale Dynamo Kiev
56%
2011-2012 huitièmes de finale Zenith Saint Petersbourg
53%
2013-2014 huitièmes de finale Zenith Saint Petersbourg
53%
2015-2016 huitièmes de finale Zenith Saint Petersbourg
53%
2011-2012 huitièmes de finale Fc Bale
49%
2014-2015 huitièmes de finale Fc Bale
49%
2017-2018 huitièmes de finale Fc Bale
49%
2010-2011 huitièmes de finale Fc Copenhague
45%
2009-2010 huitièmes de finale Olympiakos
45%
2013-2014 huitièmes de finale Olympiakos
45%
2021-2022 huitièmes de finale Salzbourg
43%
2017-2018 huitièmes de finale besiktas
42%
2011-2012 quarts de finale Apoel Nicosie
32%
2015-2016 huitièmes de finale La Gantoise
20%
Aucun quiz correspondant
Distribution des résultats
% des personnes avec chaque résultat
Percentile par nombre de réponses
Votre historique - résultats
Vous n’avez pas pris ce quiz depuis la dernière actualisation